00659cam a2200205 a 4500020002800000020002800028040000800056082002600064245005800090246001400148260007500162300003300237500005300270650002500323650001800348650001000366650003500376650002400411700001800435 a155861107X (alk. paper) a1558611061 (alk. paper) cDLC00a305 FEM 1995 A015 Or.00aSeeds 2 :bsupporting women's work around the world /3 aSeeds two aNew York :bFeminist Press at the City University of New York,cc1995. axi, 241 p. :bill. ;c24 cm. aOriginally published in a pamphlet series Seeds. 0aWomen in development 0aBusinesswomen 0aWomen 0aWomen in community development 0aChild care services1 aLeonard, Ann,